|
|
|
|
| LEADER |
00000nam2a2200000 4500 |
| 001 |
266638 |
| 005 |
20231101234023.0 |
| 020 |
|
|
|a RU
|b 86-61997ж
|
| 035 |
|
|
|a (RuTPU)RU\TPU\book\289658
|
| 090 |
|
|
|a 266638
|
| 100 |
|
|
|a 20140711d1986 k y0rusy5003 ca
|
| 101 |
0 |
|
|a rus
|
| 102 |
|
|
|a RU
|
| 105 |
|
|
|a a z 001zy
|
| 200 |
0 |
|
|a Вып. 8
|
| 210 |
|
|
|d 1986
|
| 215 |
|
|
|a 148 с.
|c ил.
|
| 320 |
|
|
|a Библиография в конце статей
|
| 461 |
|
1 |
|0 (RuTPU)RU\TPU\book\288648
|x 0320-4502
|t Активируемые процессы технологии микроэлектроники
|o междуведомственный тематический научный сборник
|f Таганрогский радиотехнический институт (ТРТИ)
|v Вып. 8
|d 1975-1986
|
| 606 |
1 |
|
|a Микроэлектронные схемы
|x Производство
|2 stltpush
|3 (RuTPU)RU\TPU\subj\43828
|9 63270
|
| 610 |
1 |
|
|a микроэлектроника
|
| 610 |
1 |
|
|a активация
|
| 610 |
1 |
|
|a нетермическая стимуляция
|
| 610 |
1 |
|
|a моделирование
|
| 610 |
1 |
|
|a контроль
|
| 610 |
1 |
|
|a технологические процессы
|
| 675 |
|
|
|a 621.382.049.77.002
|z rus
|v 3
|
| 801 |
|
0 |
|a RU
|b RuMRKP
|c 19950417
|g psbo
|
| 801 |
|
1 |
|a RU
|b 63413507
|c 20140711
|
| 801 |
|
2 |
|a RU
|b 63413507
|c 20170124
|g RCR
|
| 942 |
|
|
|c BK
|